00581nam a2200157Ia 450000500170000000800410001702000180005805000160007608200160009210000420010824500660015026000470021630000250026350500900028865000450037820231102151549.0130516s2010 mx r 000 0 esp d a978607438148114aBJ1143bT67 4a170bT636in1 aTorres Hernández, Zacaríaseautor10aIntroducción a la éticac / Zacarías Torres Hernández3 aMéxicob: Grupo Editorial Patriac, 2010 axviii, 272 páginas aÁmbito contextual de la ética Ética personal Ética profesional Ética social14aÉTICAxESTUDIO Y ENSEÑANZAzMÉXICO